Записка (черновик) Шиллинга М. Ф. - содержание разговора с князем Львовым в Вене 23 ноября 1900 г. о славянском вопросе (отрывок...

Доступно только в Электронных читальных залах Найти на картеНа карте
RUSMARC
00004008nac2a22002773x 450
0019526aab5-a3b3-424d-8f73-486aab049d83
00520211213190618.0
100##$a20211120l1900 k y0rusy50 ca
1010#$arus
102##$aRU
105##$ay z |||||
1220#$ad19001123
2001#$aЗаписка (черновик) Шиллинга М. Ф. - содержание разговора с князем Львовым в Вене 23 ноября 1900 г. о славянском вопросе (отрывок)
$j23 ноября 1900
215##$a32 листа
251##$cДело
300##$aЛисты: 5-32 - машинописные копии л. 1-4
300##$aМашинописный и рукописный текст
324##$aВ деле имеются копии отдельных документов
330##$aВходит в раздел описи: 3. Документы о научной и литературной деятельности барона Шиллинга М. Ф.
461#0$1001ff9fc58f-089b-437b-980d-902343bc59d8
$12001
$aШиллинг Маврикий Фабианович, барон, секретарь русского посольства в Вене
$1251
$cФонд
$1852
$j813
462#0$1001665c067c-d934-4316-b9df-5bf0ad49190b
$12001
$aДела постоянного хранения. 1817-1917
$vД. 71
$1251
$cОпись
$1852
$j1
600#1$aШиллинг
$bМ. Ф.
$cбарон
$gМаврикий Фабианович
600#1$aЛьвов
$cкнязь
801#0$aRU
$bGA_RF
801#1$aRU
$bГлавНИВЦ
$c20211120
$2rusmarc
801#2$aRU
$bПБ им. Б.Н. Ельцина
$c20211213
$gRCR
$2rusmarc
852##$aГА РФ
$j71
937##$d171544333
$hГАРФ
035##$aRuPRLIB51060956
856##$uhttp://readingroom.main.prlib.ru/item.aspx?id_node=n171544333&mode=full
Формат отображения